000
00299 a2200157 4500
001
162680
020
_a
040
_c
Magnum
100
_a
Malot, Hector H.
240
1
0
_a
Sem familia
_l
por
245
1
0
_a
Sem familia
362
0
_a
1899
440
1
_a
Globo
697
_a
IJ/FICCAO
942
_c
BK
999
_c
162680
_d
162680